00629nam a2200181 i 4500001000700000003000700007005001700014008004100031080003900072100003200111245006800143260005100211300005100262600004800313655004000361710002200401852002400423189929SpMaBN20251130063156.0200124s2000 sp a |||| | spa d a74/75 San Felices, Justo (083.824)1 aSan Felices, Justo, d1951-10aJusto San Felices b: Alfama : [exposición, abril-mayo 2000]. a[Madrid : bAlfama, Galería de Arte, c2000] a[12] p. : bprincipalmente il. col. ; c24 cm.17aSan Felices, Justo, d1951-vExposiciones2 72tgfbneaCatálogos de exposiciones2 aGalería Alfama. aES-MaACLj2186-F-43